Computerized quality control : (Record no. 183685)

000 -LEADER
fixed length control field 00936 a2200241 4500
003 - CONTROL NUMBER IDENTIFIER
control field Nust
005 - DATE AND TIME OF LATEST TRANSACTION
control field 20221012143907.0
010 ## - LIBRARY OF CONGRESS CONTROL NUMBER
LC control number 86025021
020 ## - INTERNATIONAL STANDARD BOOK NUMBER
International Standard Book Number 0470207612 (U.S.)
020 ## - INTERNATIONAL STANDARD BOOK NUMBER
International Standard Book Number 0853129649 :
040 ## - CATALOGING SOURCE
Transcribing agency Nust
082 00 - DEWEY DECIMAL CLASSIFICATION NUMBER
Classification number 543,HAR
100 1# - MAIN ENTRY--PERSONAL NAME
Personal name Hartley, T. F.
9 (RLIN) 100039
245 10 - TITLE STATEMENT
Title Computerized quality control :
Remainder of title programs for the analytical laboratory /
Statement of responsibility, etc. T.F. Hartley.
260 ## - PUBLICATION, DISTRIBUTION, ETC.
Place of publication, distribution, etc. Chichester :
Name of publisher, distributor, etc. E. Horwood ;
Place of publication, distribution, etc. New York :
Name of publisher, distributor, etc. Halsted Press,
Date of publication, distribution, etc. 1987.
300 ## - PHYSICAL DESCRIPTION
Extent 165 p. ;
Dimensions 25 cm.
440 #0 - SERIES STATEMENT/ADDED ENTRY--TITLE
Title Ellis Horwood series in analytical chemistry
9 (RLIN) 100040
505 ## - FORMATTED CONTENTS NOTE
Formatted contents note Introduction (Page-11), Calibration Graphs (Page-15), Batch Quality Control (Page-69), Between-batch Quality (Page-99), Laboratory Computing (Page-146).
650 #0 - SUBJECT ADDED ENTRY--TOPICAL TERM
Topical term or geographic name entry element BASIC (Computer program language)
9 (RLIN) 783
650 #0 - SUBJECT ADDED ENTRY--TOPICAL TERM
Topical term or geographic name entry element Chemistry, Analytic
General subdivision Computer programs.
9 (RLIN) 100041
650 #0 - SUBJECT ADDED ENTRY--TOPICAL TERM
Topical term or geographic name entry element Chemistry, Analytic
General subdivision Data processing.
9 (RLIN) 100042
942 ## - ADDED ENTRY ELEMENTS (KOHA)
Source of classification or shelving scheme
Koha item type Book
Holdings
Withdrawn status Lost status Source of classification or shelving scheme Damaged status Not for loan Permanent Location Current Location Shelving location Date acquired Full call number Barcode Date last seen Price effective from Koha item type Public note
          Military College of Signals (MCS) Military College of Signals (MCS) General Stacks 12/12/2016 543,HAR MCS763 12/08/2016 12/12/2016 Book Almirah No.25, Shelf No.4
© 2023 Central Library, National University of Sciences and Technology. All Rights Reserved.